| 000 | 00940nas a2200301 4500 | ||
|---|---|---|---|
| 001 | BR9203029 | ||
| 003 | BR-BrBNA | ||
| 005 | 20231205092605.0 | ||
| 007 | ta | ||
| 008 | 230509b bl.|||p| |||| 00| 00por d | ||
| 040 |
_aBR-BrBNA _bpor _cBiblioteca Nacional de Agricultura |
||
| 041 | _a(Pt) | ||
| 072 | _aP10; F01 | ||
| 100 | 1 | _aEspinola Sobrinho, J. | |
| 100 | 1 | _aMedina, B.F. | |
| 100 | 1 | _aMaia Neto, J.M. | |
| 100 | 1 | _aAmaro Filho, J. | |
| 100 | 1 | _aAquino, F.P. de | |
| 245 | 1 | _aEstimativa da evapotranspiracao maxima e coeficientes de cultivo para feijao caupi [Vigna unguiculata (L.)Walp]e milho (Zea mays L.) | |
| 650 | _aFEIJAO DE CORDA | ||
| 650 | _aMILHO | ||
| 650 | _aEVAPOTRANSPIRACAO | ||
| 650 | _aPRATICA CULTURAL | ||
| 650 | _aRIO GRANDE DO NORTE | ||
| 773 | 0 |
_tCaatinga (Brazil) _xISSN 019624-X _g(Jun 1989), v. 6 p. 118-135 _wBR9203029 |
|
| 909 |
_a202311 _bLúcia _c55 _dLúcia Elande |
||
| 942 |
_2AGRIS _n0 _cANA |
||
| 999 |
_c132709 _d132709 |
||